000 00560cam a22002291 4500
001 ne 67000294
003 DLC
005 20260227111829.0
008 890904s1966 xx 000 0 ara
010 _ane 67000294
035 _a(OCoLC)23515125
040 _aDLC
_cMiU
_dAzU
_dDLC
042 _apremarc
050 0 0 _aDS79
_b.K85
100 1 _aKunnah, Khalǐl.
245 1 3 _aal-'Irāq
260 _c[1966]
300 _a529 p.
_c25 cm.
504 _aBibliography: p. [530]-[532]
651 0 _aIraq
_xHistory
651 0 _aIraq
_xPolitics and government.
999 _c49379
_d49379